Statistiken für Alle FIFA Weltfußballer seit 1991

Klicken Sie hier um das Quiz zu spielen!

Allgemein

  • Dieses Quiz wurde 179 mal gespielt
  • Das Durchschnittsergebnis liegt bei 23 aus 33

Antwortstatistiken

JahrSpieler% Korrekt
2008Cristiano Ronaldo
99%
2016Cristiano Ronaldo
99%
2013Cristiano Ronaldo
99%
2014Cristiano Ronaldo
99%
2017Cristiano Ronaldo
99%
2010Messi
99%
2011Messi
99%
2012Messi
99%
2023Messi
99%
2009Messi
99%
2019Messi
99%
2022Messi
99%
2015Messi
99%
2018Modric
92%
2020Lewandowski
81%
2021Lewandowski
81%
2004Ronaldinho
78%
2005Ronaldinho
78%
2007Kaka
74%
2003Zidane
67%
2000Zidane
67%
1998Zidane
67%
1991Matthäus
61%
2006Cannavaro
58%
1999Rivaldo
43%
2001Figo
35%
1992van Basten
30%
2002Ronaldo Nazario
26%
1997Ronaldo Nazario
26%
1996Ronaldo Nazario
26%
1993Baggio
21%
1995Weah
21%
1994Romario
18%

Verteilung der Resultate

Perzentil nach korrekt beantworteten Fragen

Anzahl Personen mit jedem Resultat

Ihre Resultats-Entwicklung

Sie haben dieses Quiz noch nicht gespielt